000 00287nam a22001337a 4500
008 170907b xxu||||| |||| 00| 0 eng d
020 _a9780696215889
041 _aeng
080 _a72
100 _a41
101 _aARK
245 _aFLOORING 1-2-3
_cCUNNINGHAM,L.R
942 _2udc
_cBK
999 _c26498
_d26498